Modern methods of valuation (Record no. 121215)
[ view plain ]
| 000 -LEADER | |
|---|---|
| fixed length control field | 01351cam a22003375a 4500 |
| 001 - CONTROL NUMBER | |
| control field | K121215 |
| 008 - FIXED-LENGTH DATA ELEMENTS--GENERAL INFORMATION | |
| fixed length control field | 091001s2019 xxk f 001 0 eng d |
| 020 ## - INTERNATIONAL STANDARD BOOK NUMBER | |
| ISBN | 9781138503519 |
| 035 ## - SYSTEM CONTROL NUMBER | |
| System control number | (Sirsi) u148552 |
| 041 0# - LANGUAGE CODE | |
| Language code of text/sound track or separate title | eng |
| 050 04 - Library of Congress Classification | |
| Class mark | 333.332 |
| 100 1# - MAIN ENTRY--PERSONAL NAME | |
| Personal author | Shapiro, Eric |
| 245 00 - TITLE STATEMENT | |
| Title | Modern methods of valuation |
| 250 ## - EDITION | |
| Edition statement | 12th ed. |
| 260 ## - PUBLICATION INFORMATION | |
| Place of publication | London |
| Publisher | Routledge |
| Date | 2019 |
| 300 ## - PHYSICAL DESCRIPTION | |
| Physical description | xxxii,549p. |
| Dimensions | 22cm |
| 520 ## - ABSTRACT | |
| Abstract | Reflects current changes in the regulatory and statutory framework for property valuations as at June 2018 as well as providing an overview to principles and methodology in property valuation. Covers different approaches to valuation including income approach, discounted cash flow and cost approach and residual method as well as how to value different types of properties including residential and commercial. Includes valuation for rating, taxation and compulsory purchase. Worked examples and case studies. |
| 520 ## - ABSTRACT | |
| Abstract | Supersedes 11th edition 9780080971179 Ebook |
| 590 ## - LOCAL NOTE (RLIN) | |
| Local note | KA |
| 650 ## - KEYWORDS | |
| Keywords | Income approach |
| 650 ## - KEYWORDS | |
| Keywords | Discounted cash flow |
| 650 ## - KEYWORDS | |
| Keywords | Residual |
| 650 ## - KEYWORDS | |
| Keywords | Yields |
| 650 ## - KEYWORDS | |
| Keywords | Red Book |
| 650 ## - KEYWORDS | |
| Keywords | International Valuation Standards |
| 651 #4 - SUBJECT ADDED ENTRY--GEOGRAPHIC NAME | |
| Geographic name | United Kingdom |
| 690 ## - BROAD SUBJECT | |
| Broad subject | Valuation |
| 9 (RLIN) | 6273 |
| 700 1# - ADDED PERSONAL NAME | |
| Added personal author | Sams, Gary |
| 700 1# - ADDED PERSONAL NAME | |
| Added personal author | Mackmin, David |
| 942 ## - ADDED ENTRY ELEMENTS (KOHA) | |
| Suppress in OPAC | Do not suppress in OPAC |
| Lost status | Source of classification or shelving scheme | Damaged status | Not for loan | Home library | Current library | Shelving location | Date acquired | Total Checkouts | Full call number | Date last seen | Price effective from | Koha item type |
|---|---|---|---|---|---|---|---|---|---|---|---|---|
| Dewey Decimal Classification | London | London | Books | 26/02/2020 | 333.332 Sha | 26/02/2020 | 26/02/2020 | Book |